Uplatnenie princípov a hodnôt etiky sociálnych dôsledkov v učiteľskej etike

Bibliographic Details
Main Author: Gluchmanová, Marta, 1957- (Author)
Format: Book
Language:Slovak
PhysicalDescription:220 s. 21 cm
Published: Prešov Filozofická fakulta Prešovskej univerzity 2009
ISBN:9788055500423
Edition:1. vyd.
Series:Acta Facultatis Philosophicae Universitatis Prešoviensis Monografia
Subjects:

MARC

LEADER 00000cam a2200000 a 4500
001 vtls010068109
003 SK-MaSNL
005 20260301083539.0
008 240314s2009 xo d 000 0 slo
015 |a SNBA2010/04-01867 
020 |a 9788055500423  |q (brož.) 
035 |a 57505721-06C3-4B09-BAB7-EC103E70A647 
035 |a urn:nbn:sk:snk-amk9yn 
035 |a urn:nbn:sk:snk-am00897l 
040 |a SNK  |b slo  |c SNK  |e AACR2 
041 0 |a slo 
044 |a xo  |c SK 
072 7 |a 37  |x Výchova a vzdelávanie  |2 konspekt 
072 7 |a 17  |x Etika. Morálna filozofia  |2 konspekt 
080 |a 371.12/.16  |2 2001 
080 |a 17  |2 2001 
080 |a (048.8)  |2 2001 
080 |a 174  |2 2001 
100 1 |a Gluchmanová, Marta,  |d 1957-  |4 aut  |9 205477 
245 1 0 |a Uplatnenie princípov a hodnôt etiky sociálnych dôsledkov v učiteľskej etike  |c Marta Gluchmanová 
250 |a 1. vyd. 
260 |a Prešov  |b Filozofická fakulta Prešovskej univerzity  |c 2009 
300 |a 220 s.  |c 21 cm 
366 |e 80 výt. 
490 1 |a Acta Facultatis Philosophicae Universitatis Prešoviensis  |v 255/337  |a Monografia  |v 102 
504 |a Bibliogr. s. 196-220. Pozn. 
650 0 7 |a učiteľská profesia  |x etické a morálne aspekty  |2 SNKPH  |9 410630 
650 0 7 |a profesijná etika  |2 SNKPH  |9 15135 
650 0 7 |a vplyv médií  |2 SNKPH  |9 112304 
655 7 |a monografie  |2 SNKPH  |9 70139 
830 0 |a Acta Facultatis Philosophicae Universitatis Prešoviensis  |p Monografia  |9 327005 
919 |a 978-80-555-0042-3 
958 |a NB 
958 |a OND 
968 |d 1 
999 |c 660787  |d 662717 
952 |a SNK  |b SNK  |y PREZ  |7 0  |p 17A0649363  |o snkSC 139296  |i snk2010/4853  |8 0  |0 0  |1 0  |4 0  |d 2010-03-11  |l 0  |r 2017-06-30 00:00:00  |w 2026-02-23 
952 |a SNK  |b SNK  |y VYP  |7 0  |p 17A0649364  |o snkSC 139296 D1  |i snk2010/4854  |8 0  |0 0  |1 0  |4 0  |d 2010-03-11  |l 0  |r 2026-02-23 18:52:42  |w 2026-02-23